000 00494nam a2200181Ia 4500
005 20250508154143.0
008 008 250505s9999 xx 000 0 hin d
037 _aTextual
040 _aFEDL
_beng
_cFEDL
041 _ahin
_2eng
084 _a300.7, GAN
_qFEDL
100 _aMul Raj Gangahar
245 0 _aHumara samaj gram aur nagar
260 _aDelhi, India
_bSamaj Shiksha Prakashan
_c1960
300 _a134p.
942 _cTEXL
_h300.7, GAN
999 _c1348057
_d1348057